Welcome to the Holygrace Academy Library

Please use search bar below to get started

PANTHRANDU KATHA (Record no. 5017)

MARC details
000 -LEADER
fixed length control field 00321nam a22001337a 4500
082 ## - DEWEY DECIMAL CLASSIFICATION NUMBER
Classification number 894.812.3
Item number RAM/P
100 ## - MAIN ENTRY--AUTHOR NAME
Personal name AMACHANDRAMENON , K.P
245 ## - TITLE STATEMENT
Title PANTHRANDU KATHA
Remainder of title PANTHRANDUM RATHRIYILE KATHA
260 ## - PUBLICATION, DISTRIBUTION, ETC. (IMPRINT)
Place of publication THIRUVANANTHAPURAM
Name of publisher PRABHATH BOOKS
300 ## - PHYSICAL DESCRIPTION
Number of Pages 217
520 ## - SUMMARY, ETC.
Summary, etc NOVEL
650 ## - SUBJECT ADDED ENTRY--TOPICAL TERM
Topical Term NOVEL
942 ## - ADDED ENTRY ELEMENTS (KOHA)
Koha item type Books
Holdings
Withdrawn status Lost status Collection code Home library Current library Shelving location Date acquired Source of acquisition Cost, normal purchase price Full call number Accession Number Koha item type
    Fiction Main Library Main Library SHELF-16- J- MALAYALAM NOVELS,FICTIONS 12/01/2005 Purchase 50.00 894.812.3 RAM/P 01944 Books